[Event "23rd Alekhine Master 2019"]
[Site "Voronezh"]
[Date "2019.06.16"]
[Round "5.10"]
[White "Krapivin, Alexander"]
[Black "Svetushkin, Dmitry"]
[Result "0-1"]
[WhiteElo "2431"]
[BlackElo "2532"]
[Annotator "TA"]
[PlyCount "77"]
[EventDate "2019.06.12"]
[EventType "swiss"]
[EventCountry "RUS"]
[SourceTitle "playchess.com"]
[Source "ChessBase"]
[SourceQuality "1"]

{[%evp 14,77,16,8,8,13,23,23,29,11,20,10,13,14,12,0,21,0,0,0,0,-15,16,7,13,0,0,0,0,-3,0,0,0,8,20,20,31,-46,-41,-55,-50,-63,-38,-90,-41,-45,-43,-46,-47,-82,-16,-400,-373,-873,841,-73,0,-112,-109,-378,-375,-318,0,-1193,-110,-2164]} 1. e4 c6 2. d4 d5 3. exd5 cxd5 4. Bd3 Nc6 5. c3 Nf6 6. h3 g6 7. Nf3 Bf5 8. O-O Qc7 {B13: Caro-Kann: Exchange Variation and Panov-Botvinnik Attack} 9. Ne5 (9. Be2 Bg7 10. Nbd2 O-O 11. a3 Rad8 12. Re1 Rfe8 13. Nf1 Ne4 14. Be3 a6 15. a4 e5 16. dxe5 Nxe5 17. Nxe5 Bxe5 {½-½ (36) Giri,A (2783)-Cheparinov,I (2709) St Petersburg 2018}) 9... Bxd3 10. Nxd3 e6 $146 {White has an edge.} ({Predecessor:} 10... Bg7 11. Bf4 Qc8 12. Nd2 O-O 13. Re1 Qf5 14. Qe2 Rfe8 15. Bh2 Rad8 16. Ne5 Qc8 17. Rad1 Nd7 18. Nd3 Nb6 19. Nf3 {½-½ (19) Kuipers,S (2480)-Hausrath,D (2494) Apeldoorn 2018}) 11. Bf4 (11. Re1 {seems wilder.} Bg7 12. Bf4 Qd7 13. a4 b6 14. Nd2) 11... Bd6 12. Bxd6 Qxd6 13. Nd2 O-O 14. Qe2 Nd7 15. Nf3 f6 16. b4 Rae8 17. Rad1 Nb6 18. Nc5 Nd8 {[%cal Bc6d8,Bd8f7,Bf7h6,Bh6f5][%mdl 32]} 19. a4 (19. Nd2 {is more complex.} Qc6 20. Rfe1 Nf7 21. a4 e5 22. Ndb3) 19... Nc4 20. Nd2 Nxd2 21. Qxd2 Qc6 22. b5 Qc8 23. Rfe1 Nf7 24. Qf4 Kg7 25. Re3 (25. Qg4 $14 f5 26. Qg3) 25... e5 $15 26. Qf3 $1 e4 27. Qf4 g5 28. Qh2 ({Better is} 28. Rg3 $1 $15) 28... Nh6 29. c4 $1 {[%cal Rc4d5]} b6 30. Na6 Nf5 $36 {[%mdl 2048] Black has some pressure.} 31. Rc3 {[#]} dxc4 (31... Rf7 $1 $17 {Hoping for ...e3.} 32. c5 e3 33. fxe3 Nxe3) 32. Re3 $2 {[%mdl 8192]} (32. Nc7 $11 {and White is okay.}) 32... c3 ({Resist} 32... Nxe3 33. fxe3 Rf7 34. Qd6 $19) 33. Rxc3 $2 (33. Qc7+ Qxc7 34. Nxc7 Nxe3 35. Nxe8+ Rxe8 36. fxe3) 33... Re7 $4 {[%mdl 8192]} (33... Qxc3 $19 34. Qc7+ Qxc7 35. Nxc7 Re7) 34. Qc7 $2 (34. Rxc8 $18 Rxc8 35. g4) 34... Qd7 ({Black should play} 34... Rxc7 $17 35. Rxc7+ Kg6 36. Rxc8 Rxc8) 35. Qc4 (35. d5 $11 {keeps the balance.}) 35... e3 $17 {White must now prevent ...exf2+.} 36. Nb4 $2 {[%mdl 8192] [#]} (36. Qd3 $17) 36... exf2+ $19 37. Kxf2 Re4 $2 ({Black should try} 37... Nd6 $19 38. Qd3 Ne4+ {[%mdl 64] Double Attack} 39. Kg1 Nxc3 40. Qxc3 Re2) 38. d5 $2 {[%mdl 8192]} (38. Qc6 $11 Qe7 39. Qc7) 38... Rfe8 $2 (38... Rxc4 $19 {is more deadly.} 39. Rxc4 Re8) 39. a5 $2 {[%mdl 8192] Accuracy: White = 17%, Black = 45%.} (39. Qc7 $17 R8e7 40. Qxd7 Rxd7 41. Rb3) 0-1

[Event "23rd Alekhine Master 2019"]
[Site "Voronezh"]
[Date "2019.06.16"]
[Round "5.11"]
[White "Shariyazdanov, Andrey"]
[Black "Nikitenko, Mihail"]
[Result "1-0"]
[WhiteElo "2526"]
[BlackElo "2424"]
[Annotator "ChessBase"]
[PlyCount "57"]
[EventDate "2019.06.12"]
[EventType "swiss"]
[EventCountry "RUS"]
[SourceTitle "playchess.com"]
[Source "ChessBase"]
[SourceQuality "1"]
[TimeControl "40/5400+30:1800+30"]

1. d4 {[%emt 0:00:28]} d5 {[%emt 0:00:00]} 2. c4 {[%emt 0:00:14]} c6 {[%emt 0:00:00]} 3. Nf3 {[%emt 0:00:22]} Nf6 {[%emt 0:00:00]} 4. g3 {[%emt 0:00:26]} Bf5 {[%emt 0:00:39]} 5. Nc3 {[%emt 0:00:26]} dxc4 {[%emt 0:01:52]} 6. Ne5 {[%emt 0:03:31]} Nd5 {[%emt 0:08:02]} 7. Bg2 {[%emt 0:02:18]} Nxc3 {[%emt 0:02:49]} 8. bxc3 {[%emt 0:00:07]} Qa5 {[%emt 0:00:50]} 9. O-O {[%emt 0:07:44]} Nd7 {[%emt 0:00:36]} 10. Nxd7 {[%emt 0:14:27]} Bxd7 {[%emt 0:00:41]} 11. Rb1 {[%emt 0:00:32]} O-O-O {[%emt 0:04:01]} 12. d5 {[%emt 0:04:40]} Be8 {[%emt 0:06:44]} 13. dxc6 {[%emt 0:11:27]} Bxc6 {[%emt 0:03:37]} 14. Bxc6 {[%emt 0:00:41]} Rxd1 {[%emt 0:13:13]} 15. Bxb7+ {[%emt 0:00:35]} Kd7 {[%emt 0:00:30]} 16. Rxd1+ {[%emt 0:00:10]} Ke6 {[%emt 0:00:02]} 17. Be3 {[%emt 0:09:04]} Kf6 {[%emt 0:01:34]} 18. Bc6 {[%emt 0:02:24]} Qxa2 {[%emt 0:05:59]} 19. Rb5 {[%emt 0:02:34]} e5 {[%emt 0:07:36]} 20. Rb7 {[%emt 0:00:59]} Qxe2 {[%emt 0:12:32]} 21. Rdd7 {[%emt 0:00:43]} Qe1+ {[%emt 0:00:18]} 22. Kg2 {[%emt 0:00:06]} Qxc3 {[%emt 0:00:31]} 23. Be4 {[%emt 0:03:17]} g6 {[%emt 0:05:58]} 24. Bd5 {[%emt 0:05:50]} e4 {[%emt 0:00:05]} 25. Bxe4 {[%emt 0:05:19]} Ke5 {[%emt 0:01:12]} 26. Bd5 {[%emt 0:00:54]} f6 {[%emt 0:05:23]} 27. f4+ {[%emt 0:02:36]} Kf5 {[%emt 0:00:03]} 28. Kf3 {[%emt 0:00:27]} h5 {[%emt 0:01:13]} 29. h3 {[%emt 0:00:11]} 1-0

[Event "23rd Alekhine Master 2019"]
[Site "Voronezh"]
[Date "2019.06.16"]
[Round "5.12"]
[White "Rodin, Dmitrij"]
[Black "Visakh N R"]
[Result "1/2-1/2"]
[WhiteElo "2403"]
[BlackElo "2518"]
[Annotator "TA"]
[PlyCount "92"]
[EventDate "2019.06.12"]
[EventType "swiss"]
[EventCountry "RUS"]
[SourceTitle "playchess.com"]
[Source "ChessBase"]
[SourceQuality "1"]

{[%evp 17,92,6,21,0,0,0,0,4,0,-7,-4,-4,-12,-12,-2,-13,0,-21,0,0,0,0,0,0,0,0,0,0,0,0,0,0,8,0,0,0,0,0,0,0,0,0,0,0,22,14,73,87,90,74,143,47,89,19,35,49,44,79,57,67,88,19,42,0,33,34,30,9,0,1,1,6,8,8,8,8,8]} 1. e4 c5 2. Nf3 d6 3. d4 cxd4 4. Nxd4 Nf6 5. Nc3 a6 6. Be3 e5 7. Nf3 Be7 8. Bc4 O-O 9. O-O Nc6 10. Re1 {B90: Sicilian Najdorf: Unusual White 6th moves, 6 Be3 Ng4 and 6 Be3 e5} Be6 11. Nd5 Bxd5 12. exd5 b5 13. Bf1 Nb4 14. c4 bxc4 15. Bxc4 Qc7 (15... Qa5 16. Bd2 Qb6 17. Nh4 g6 {1-0 (60) Karjakin,S (2753)-Yilmaz,M (2636) St Petersburg 2018}) 16. b3 {Threatens to win with a3.} Qb7 $1 {[%cal Rb4d5]} 17. Bg5 Nbxd5 (17... a5 {keeps more tension.} 18. Bxf6 Bxf6 19. Nd2 Rfc8 20. Ne4 Be7) 18. Bxd5 Qxd5 19. Bxf6 Qxd1 20. Raxd1 gxf6 21. Nh4 $146 ({Predecessor:} 21. Nd4 d5 22. Nc6 Ba3 23. b4 Rfe8 24. Rxd5 Re6 {½-½ (24) Schunken,R (2062)-Zemlyanov,S ICCF email 2008}) 21... Rfd8 22. Nf5 Bf8 23. Rd5 Rac8 24. Red1 h5 25. h3 Kh7 26. g4 Kg6 27. Kg2 Rc2 28. Ra5 Rc6 29. Kf3 Kg5 30. Ne3 Rb8 31. Ra4 h4 (31... Rd8 $11) 32. Rd5 $16 {[%mdl 1024] White has strong compensation.} Kg6 33. Rda5 Ra8 (33... Rc3 $142) 34. Ke4 ({Better is} 34. Nf5 $16) 34... Ra7 35. Kd5 (35. Nf5 $16) 35... Rc1 36. Rxa6 Rxa6 37. Rxa6 $14 {[%mdl 4096] Endgame Hoping for a4. KRB-KRN} Rh1 38. Ra8 Bh6 $1 39. Nf5 Rxh3 40. Rh8 Bd2 {Black wants to play ...Kg5.} 41. Rxh4 Rf3 42. Rh8 {[#] aiming for Nh4+.} Kg5 {The position is equal.} 43. Rg8+ Kf4 44. Nxd6 Be1 45. Nxf7 {Rg6 is the strong threat.} Rxf2 46. g5 fxg5 {Accuracy: White = 72%, Black = 60%.} 1/2-1/2

[Event "23rd Alekhine Master 2019"]
[Site "Voronezh"]
[Date "2019.06.16"]
[Round "5.12"]
[White "Rodin, Dmitrij"]
[Black "Visakh N R"]
[Result "*"]
[WhiteElo "2403"]
[BlackElo "2518"]
[Annotator "ChessBase"]
[PlyCount "51"]
[EventDate "2019.06.12"]
[EventType "swiss"]
[EventCountry "RUS"]
[SourceTitle "playchess.com"]
[Source "ChessBase"]
[SourceQuality "1"]
[TimeControl "40/5400+30:1800+30"]

1. e4 {[%emt 0:00:00]} c5 {[%emt 0:01:07]} 2. Nf3 {[%emt 0:00:00]} d6 {[%emt 0:01:10]} 3. d4 {[%emt 0:00:00]} cxd4 {[%emt 0:00:11]} 4. Nxd4 {[%emt 0:00:00]} Nf6 {[%emt 0:00:11]} 5. Nc3 {[%emt 0:00:00]} a6 {[%emt 0:01:39]} 6. Be3 {[%emt 0:02:09]} e5 {[%emt 0:00:17]} 7. Nf3 {[%emt 0:00:06]} Be7 {[%emt 0:00:51]} 8. Bc4 {[%emt 0:01:58]} O-O {[%emt 0:00:14]} 9. O-O {[%emt 0:00:05]} Nc6 {[%emt 0:00:06]} 10. Re1 {[%emt 0:05:16]} Be6 {[%emt 0:00:27]} 11. Nd5 {[%emt 0:04:02]} Bxd5 {[%emt 0:06:30]} 12. exd5 {[%emt 0:14:25]} b5 {[%emt 0:02:50]} 13. Bf1 {[%emt 0:11:19]} Nb4 {[%emt 0:08:59]} 14. c4 {[%emt 0:00:31]} bxc4 {[%emt 0:00:05]} 15. Bxc4 {[%emt 0:00:11]} Qc7 {[%emt 0:00:05]} 16. b3 {[%emt 0:02:21]} Qb7 {[%emt 0:02:14]} 17. Bg5 {[%emt 0:04:33]} Nbxd5 {[%emt 0:08:51]} 18. Bxd5 {[%emt 0:00:30]} Qxd5 {[%emt 0:00:30]} 19. Bxf6 {[%emt 0:00:30]} Qxd1 {[%emt 0:00:30]} 20. Raxd1 {[%emt 0:00:30]} gxf6 {[%emt 0:00:30]} 21. Nh4 {[%emt 0:00:30]} Rfd8 {[%emt 0:00:30]} 22. Nf5 {[%emt 0:00:30]} Bf8 {[%emt 0:00:30]} 23. Rd5 {[%emt 0:00:30]} Rac8 {[%emt 0:00:30]} 24. Red1 {[%emt 0:00:30]} h5 {[%emt 0:00:30]} 25. Rxe5 {[%emt 0:00:50]} fxe5 {[%emt 0:00:21]} 26. Rd5 {[%emt 0:00:00]} *

[Event "23rd Alekhine Master 2019"]
[Site "Voronezh"]
[Date "2019.06.16"]
[Round "5.13"]
[White "Belyakov, Bogdan"]
[Black "Yangutov, Aleksey"]
[Result "1-0"]
[WhiteElo "2483"]
[BlackElo "2049"]
[Annotator "TA"]
[PlyCount "182"]
[EventDate "2019.06.12"]
[EventType "swiss"]
[EventCountry "RUS"]
[SourceTitle "playchess.com"]
[Source "ChessBase"]
[SourceQuality "1"]

{[%evp 22,182,16,20,23,16,12,14,21,18,25,19,34,5,51,46,59,39,83,75,93,93,90,95,156,152,141,116,141,69,69,68,68,68,109,109,109,109,109,109,109,108,108,99,99,93,92,91,86,93,92,78,87,78,78,78,88,61,95,61,97,97,91,77,142,118,118,118,118,118,118,61,61,61,61,61,61,61,61,45,61,61,64,61,61,61,61,61,61,61,61,61,61,36,61,61,82,36,61,0,85,61,62,61,86,60,79,61,61,61,61,61,61,61,61,61,61,61,61,61,79,56,61,61,72,57,84,0,61,61,61,55,61,57,55,54,55,54,84,84,85,59,60,54,79,56,72,56,85,68,79,52,79,79,79,79,79,58,86,32,86,58,79]} 1. d4 Nf6 2. c4 e6 3. Nc3 c5 4. d5 exd5 5. cxd5 d6 6. e4 g6 7. f4 Bg7 8. Bb5+ Nfd7 9. Nf3 O-O 10. O-O a6 11. Bd3 b5 12. a3 Nf6 {A67: Modern Benoni: Taimanov Variation} (12... c4 13. Bc2 Nc5 14. f5 Nbd7 15. Bg5 Bf6 16. h4 Re8 17. Qd2 Bxg5 18. hxg5 Ne5 19. Nxe5 Rxe5 20. Qf4 {0-1 (63) Gareyev,T (2619)-Zherebukh,Y (2600) Greensboro 2016}) 13. Kh1 Bg4 14. h3 $146 ({Predecessor:} 14. Qe1 Bxf3 15. Rxf3 Nbd7 16. Qh4 Re8 17. Re3 c4 18. Bc2 Nc5 19. Bd2 Qd7 20. f5 {0-1 (44) Radovanovic,M (2358)-Simacek,P (2453) Orlova 2016}) 14... Bxf3 {The position is equal.} 15. Qxf3 Nbd7 16. Be3 Qc7 17. Bf2 Rfe8 18. Rae1 Rab8 19. Re2 c4 20. Bc2 b4 21. axb4 Rxb4 22. Na4 c3 (22... Rb5 $142) 23. bxc3 $16 Rc4 24. Bd4 {[#] Strongly threatening Nb2.} Nxe4 25. Rxe4 ({White should play} 25. Bxe4 $16 Rxa4 26. f5) 25... Rxe4 $14 26. Qxe4 Bxd4 27. Bb3 $1 {[%cal Rb3c4]} ({But not} 27. cxd4 Nf6 $17) 27... Nf6 28. Qd3 Rxa4 29. Bxa4 Qxc3 30. Rd1 ({Inferior is} 30. Qxa6 Ne4 $17) 30... Qxd3 31. Rxd3 $16 {[%mdl 4096] Endgame KRB-KBN} Bc5 32. g3 a5 33. Kg2 Ne4 34. Bc2 Bb4 35. Re3 Nc3 36. Re8+ Kg7 37. Bb3 h5 38. Kf3 Nb5 {White must now prevent ...Nd4+.} 39. Ke4 Nc3+ 40. Kd3 a4 41. Rb8 Ba5 42. Bc4 Nd1 (42... f5 $142) 43. Rb5 Bd8 44. Rb1 Nf2+ 45. Ke3 Nxh3 {[#]} 46. Bf1 (46. Kf3 $1 $16 {[%cal Rf3g2]} g5 47. Kg2) 46... a3 $1 $14 47. Ra1 ({Don't play} 47. Bxh3 Bf6 $15) 47... Bb6+ 48. Kf3 Nf2 49. Rxa3 Ng4 50. Bh3 Nf6 51. Rd3 Bc5 52. Bc8 Ng8 53. Rb3 Ne7 54. Bb7 Nf5 {And now ...Nd4+ would win.} 55. Rd3 (55. Rb2 {is interesting.} Nd4+ 56. Ke4 Nf5 57. Rb3 Nd4 58. Rd3) 55... Kf6 56. Bc8 Ne7 57. Bh3 Kg7 58. Rd1 Kf6 59. Bf1 Nf5 60. Bh3 Ne7 $1 61. Bd7 Kg7 62. Rd2 Kf6 63. Bb5 Nf5 64. Bd3 Ne7 65. Bb1 Bb4 66. Rd1 Bc5 67. Be4 Kg7 68. Kg2 Kf6 69. Rh1 Kg7 70. Rb1 Kf6 71. Re1 Bb4 72. Rc1 Bc5 73. Kh3 Bf2 74. Kg2 (74. Rc7 $16) 74... Bb6 ({Black should try} 74... Bc5 $11) 75. Rh1 Bc5 76. Kf1 Bb6 77. Ke2 Bc5 78. Rh3 Bb6 79. Rh2 Ba5 80. Kf3 Bb4 81. Rf2 Kg7 82. Kg2 Kf6 83. Kh3 Bc5 84. Rf1 Bb4 85. Kh4 Bd2 86. Rf3 Bc1 87. Rb3 Ng8 88. Rc3 Bd2 89. Rc2 Bb4 90. Rf2 (90. g4 $16) 90... Ne7 (90... Nh6 $14) 91. Re2 Bc5 {Accuracy: White = 60%, Black = 51%.} 1-0

[Event "23rd Alekhine Master 2019"]
[Site "Voronezh"]
[Date "2019.06.16"]
[Round "5.14"]
[White "Korchmar, Vasiliy"]
[Black "Kryakvin, Dmitry"]
[Result "0-1"]
[WhiteElo "2419"]
[BlackElo "2586"]
[Annotator "TA"]
[PlyCount "91"]
[EventDate "2019.06.12"]
[EventType "swiss"]
[EventCountry "RUS"]
[SourceTitle "playchess.com"]
[Source "ChessBase"]
[SourceQuality "1"]

{[%evp 15,91,18,18,19,31,16,41,20,16,4,14,-5,14,0,0,0,14,0,0,0,0,0,0,0,0,0,0,-9,-25,-19,-20,-8,0,0,0,0,0,0,0,0,0,0,17,0,0,-8,-6,-10,7,7,11,0,0,0,0,0,0,-10,29,0,10,-45,-45,-45,-45,-45,-45,-45,-45,-45,-45,-118,-118,-118,-118,-118,-72,-72]} 1. d4 e6 2. c4 Bb4+ 3. Nd2 c5 4. a3 Bxd2+ 5. Qxd2 cxd4 6. Nf3 Nf6 7. g3 O-O 8. Bg2 d5 9. cxd5 {E01: Catalan: Early deviations} Qxd5 10. Qxd4 Nc6 11. Qxd5 {White is slightly better.} (11. Qh4 {keeps more tension.} Qb5 12. a4 Qa5+ 13. Bd2 Qf5 14. O-O) 11... Nxd5 12. Bd2 Rd8 13. O-O-O $146 ({Predecessor:} 13. e4 Nb6 14. e5 h6 15. Rc1 Rd3 16. Bc3 Na4 {½-½ (29) Umansky,M (2654)-Van Oosterom,J (2725) ICCF corr 2003}) 13... Bd7 14. Rhe1 Rac8 15. Kb1 Be8 16. Bh3 h6 17. Rc1 Nf6 18. Be3 Nd5 19. Bd2 Nf6 20. Be3 b6 21. Nd4 Nxd4 22. Rxc8 Rxc8 23. Bxd4 Ne4 24. Be3 Bb5 25. Bg2 Nd6 26. Bf4 Nf5 27. Be5 f6 28. Bc3 Rd8 29. Bh3 Kf7 30. Bxf5 exf5 $11 {[%mdl 4096] Endgame KRB-KRB} 31. Kc2 a5 32. b3 a4 33. bxa4 Bxa4+ 34. Kb2 Rd5 35. Rc1 Kg6 36. Bb4 Bd7 37. Rc2 Kh5 38. Rd2 (38. Rc7 $11) 38... Rxd2+ $15 39. Bxd2 {KB-KB} Kg4 40. Bb4 h5 41. Bf8 g6 42. Be7 Kh3 43. Bxf6 ({Better is} 43. Kc3 $1 $15) 43... Kxh2 $17 {Black is better.} 44. Bg5 Kg2 45. Be3 {[#]} g5 $1 {[%mdl 512]} 46. Bxg5 {Accuracy: White = 47%, Black = 59%.} 0-1

[Event "23rd Alekhine Master 2019"]
[Site "Voronezh"]
[Date "2019.06.18"]
[Round "6.1"]
[White "Utegaliyev, Azamat"]
[Black "Pavlov, Sergey"]
[Result "1/2-1/2"]
[WhiteElo "2495"]
[BlackElo "2473"]
[Annotator "ChessBase"]
[PlyCount "80"]
[EventDate "2019.06.12"]
[EventType "swiss"]
[EventCountry "RUS"]
[SourceTitle "playchess.com"]
[Source "ChessBase"]
[SourceQuality "1"]
[TimeControl "40/5400+30:1800+30"]

1. Nf3 {[%emt 0:00:00]} c5 {[%emt 0:01:27]} 2. c4 {[%emt 0:04:46]} Nf6 {[%emt 0:00:31]} 3. b3 {[%emt 0:00:26]} g6 {[%emt 0:02:53]} 4. Bb2 {[%emt 0:00:17]} Bg7 {[%emt 0:00:09]} 5. g3 {[%emt 0:00:20]} b6 {[%emt 0:03:13]} 6. Bg2 {[%emt 0:00:24]} Bb7 {[%emt 0:00:21]} 7. O-O {[%emt 0:01:22]} O-O {[%emt 0:00:22]} 8. d4 {[%emt 0:00:58]} cxd4 {[%emt 0:00:20]} 9. Qxd4 {[%emt 0:00:28]} d6 {[%emt 0:04:05]} 10. Nc3 {[%emt 0:01:05]} Nbd7 {[%emt 0:02:02]} 11. Rac1 {[%emt 0:05:16]} Ne4 {[%emt 0:03:22]} 12. Qe3 {[%emt 0:02:50]} Nxc3 {[%emt 0:00:29]} 13. Bxc3 {[%emt 0:00:04]} Nf6 {[%emt 0:00:20]} 14. Rfd1 {[%emt 0:04:34]} Rc8 {[%emt 0:04:58]} 15. h3 {[%emt 0:01:15]} Rc7 {[%emt 0:07:28]} 16. a4 {[%emt 0:01:17]} Qc8 {[%emt 0:14:15]} 17. a5 {[%emt 0:06:01]} Nd5 {[%emt 0:06:18]} 18. cxd5 {[%emt 0:00:15]} Rxc3 {[%emt 0:01:54]} 19. Rxc3 {[%emt 0:00:50]} Qxc3 {[%emt 0:00:29]} 20. Qxe7 {[%emt 0:01:04]} Qxb3 {[%emt 0:01:43]} 21. Rd3 {[%emt 0:02:45]} Qb1+ {[%emt 0:01:38]} 22. Kh2 {[%emt 0:00:05]} bxa5 {[%emt 0:08:32]} 23. Nd2 {[%emt 0:29:26]} Qb4 {[%emt 0:01:31]} 24. Ne4 {[%emt 0:00:25]} a4 {[%emt 0:12:48]} 25. Nf6+ {[%emt 0:04:46]} Bxf6 {[%emt 0:08:42]} 26. Qxf6 {[%emt 0:00:06]} Ba6 {[%emt 0:00:56]} 27. Re3 {[%emt 0:04:19]} a3 {[%emt 0:05:58]} 28. Qa1 {[%emt 0:02:35]} Qb2 {[%emt 0:02:16]} 29. Qxa3 {[%emt 0:02:45]} Qxa3 {[%emt 0:00:12]} 30. Rxa3 {[%emt 0:00:04]} Bxe2 {[%emt 0:00:11]} 31. Rxa7 {[%emt 0:00:11]} Rb8 {[%emt 0:01:05]} 32. Re7 {[%emt 0:01:13]} Bd3 {[%emt 0:02:07]} 33. g4 {[%emt 0:01:30]} h6 {[%emt 0:00:54]} 34. h4 {[%emt 0:01:23]} Rb2 {[%emt 0:01:16]} 35. Kg3 {[%emt 0:00:31]} Rb3 {[%emt 0:00:10]} 36. Kf4 {[%emt 0:07:54]} Rb2 {[%emt 0:00:55]} 37. Kg3 {[%emt 0:01:33]} Rb3 {[%emt 0:00:10]} 38. Kf4 {[%emt 0:00:14]} Rb2 {[%emt 0:00:05]} 39. Kg3 {[%emt 0:00:05]} Rb3 40. Kf4 Rb2 {Ke4} 1/2-1/2

[Event "23rd Alekhine Master 2019"]
[Site "Voronezh"]
[Date "2019.06.18"]
[Round "6.2"]
[White "Nesterov, Arseniy"]
[Black "Shaposhnikov, Evgeny"]
[Result "1-0"]
[WhiteElo "2423"]
[BlackElo "2572"]
[Annotator "ChessBase"]
[PlyCount "101"]
[EventDate "2019.06.12"]
[EventType "swiss"]
[EventCountry "RUS"]
[SourceTitle "playchess.com"]
[Source "ChessBase"]
[SourceQuality "1"]
[TimeControl "40/5400+30:1800+30"]

1. d4 {[%emt 0:00:00]} Nf6 {[%emt 0:00:00]} 2. c4 {[%emt 0:00:00]} e6 {[%emt 0:00:07]} 3. Nf3 {[%emt 0:00:00]} b6 {[%emt 0:00:28]} 4. a3 {[%emt 0:00:02]} Bb7 {[%emt 0:01:41]} 5. Nc3 {[%emt 0:00:09]} g6 {[%emt 0:00:41]} 6. Qc2 {[%emt 0:00:13]} Bg7 {[%emt 0:01:36]} 7. e4 {[%emt 0:00:18]} d6 {[%emt 0:00:33]} 8. Bd3 {[%emt 0:00:42]} Nbd7 {[%emt 0:02:02]} 9. O-O {[%emt 0:00:44]} O-O {[%emt 0:00:52]} 10. Bg5 {[%emt 0:03:29]} h6 {[%emt 0:00:44]} 11. Bd2 {[%emt 0:00:30]} c5 {[%emt 0:01:00]} 12. d5 {[%emt 0:00:07]} exd5 {[%emt 0:07:05]} 13. exd5 {[%emt 0:00:12]} Ng4 {[%emt 0:00:59]} 14. h3 {[%emt 0:10:47]} Nge5 {[%emt 0:01:02]} 15. Nxe5 {[%emt 0:00:12]} Nxe5 {[%emt 0:00:09]} 16. Be2 {[%emt 0:00:08]} Bc8 {[%emt 0:05:22]} 17. f4 {[%emt 0:08:58]} Bf5 {[%emt 0:09:11]} 18. Qb3 {[%emt 0:01:04]} Nd7 {[%emt 0:00:23]} 19. g4 {[%emt 0:11:58]} Re8 {[%emt 0:04:49]} 20. gxf5 {[%emt 0:01:57]} Qh4 {[%emt 0:03:19]} 21. Rf3 {[%emt 0:11:34]} Bxc3 {[%emt 0:01:09]} 22. Qxc3 {[%emt 0:00:07]} Rxe2 {[%emt 0:00:12]} 23. Qd3 {[%emt 0:01:01]} Rae8 {[%emt 0:04:04]} 24. fxg6 {[%emt 0:01:41]} R8e4 {[%emt 0:01:29]} 25. gxf7+ {[%emt 0:03:07]} Kxf7 {[%emt 0:03:28]} 26. Kf1 {[%emt 0:19:10]} Qe7 {[%emt 0:20:30]} 27. Rf2 {[%emt 0:03:36]} Rxf2+ {[%emt 0:00:26]} 28. Kxf2 {[%emt 0:00:01]} Qh4+ {[%emt 0:00:41]} 29. Kg2 {[%emt 0:01:12]} Nf6 {[%emt 0:00:08]} 30. Rf1 {[%emt 0:03:19]} Re8 {[%emt 0:07:26]} 31. Rf3 {[%emt 0:04:18]} Rg8+ {[%emt 0:06:51]} 32. Kf1 {[%emt 0:02:23]} Qh5 {[%emt 0:06:12]} 33. Bc3 {[%emt 0:01:30]} Rg6 {[%emt 0:01:33]} 34. Re3 {[%emt 0:05:25]} Nd7 {[%emt 0:04:37]} 35. Qe4 {[%emt 0:01:24]} Nf8 {[%emt 0:00:07]} 36. f5 {[%emt 0:02:43]} Rg5 {[%emt 0:00:14]} 37. Qe8+ {[%emt 0:00:06]} Kg8 {[%emt 0:00:09]} 38. Qxh5 {[%emt 0:00:08]} Rxh5 {[%emt 0:00:01]} 39. Rg3+ {[%emt 0:00:14]} Kf7 {[%emt 0:00:23]} 40. Rg7+ {[%emt 0:00:00]} Ke8 {[%emt 0:00:00]} 41. f6 {[%emt 0:02:31]} Rf5+ {[%emt 0:00:52]} 42. Kg2 {[%emt 0:01:41]} Nd7 {[%emt 0:00:27]} 43. Re7+ {[%emt 0:00:05]} Kd8 {[%emt 0:00:04]} 44. Re6 {[%emt 0:00:08]} Kc7 {[%emt 0:00:10]} 45. Kg3 {[%emt 0:00:06]} h5 {[%emt 0:00:57]} 46. Kh4 {[%emt 0:00:28]} a6 {[%emt 0:00:10]} 47. Re7 {[%emt 0:00:38]} Kd8 {[%emt 0:00:50]} 48. Rh7 {[%emt 0:00:46]} Ke8 {[%emt 0:02:10]} 49. Rxh5 {[%emt 0:00:24]} Rf4+ {[%emt 0:00:09]} 50. Kg5 {[%emt 0:00:06]} Rxc4 {[%emt 0:00:08]} 51. Kg6 {[%emt 0:00:36]} 1-0